header

North Carolina women. (Record no. 84406)

MARC details
000 -LEADER
fixed length control field 01756nam a2200421 i 4500
001 - CONTROL NUMBER
control field ebr10827833
003 - CONTROL NUMBER IDENTIFIER
control field CaPaEBR
006 - FIXED-LENGTH DATA ELEMENTS--ADDITIONAL MATERIAL CHARACTERISTICS--GENERAL INFORMATION
fixed length control field m o d
007 - PHYSICAL DESCRIPTION FIXED FIELD--GENERAL INFORMATION
fixed length control field cr cn|||||||||
008 - FIXED-LENGTH DATA ELEMENTS--GENERAL INFORMATION
fixed length control field 140123t20142014gauab o 001 0deng d
020 ## - INTERNATIONAL STANDARD BOOK NUMBER
Cancelled/invalid ISBN 9780820339993
Cancelled/invalid ISBN 9780820340005
International Standard Book Number 9780820346540 (e-book)
040 ## - CATALOGING SOURCE
Original cataloging agency CaPaEBR
Language of cataloging eng
Description conventions rda
-- pn
Transcribing agency CaPaEBR
035 ## - SYSTEM CONTROL NUMBER
System control number (OCoLC)874149046
043 ## - GEOGRAPHIC AREA CODE
Geographic area code n-us-nc
050 14 - LIBRARY OF CONGRESS CALL NUMBER
Classification number CT3262.N67
Item number .N678 2014eb
082 04 - DEWEY DECIMAL CLASSIFICATION NUMBER
Classification number 920.72
Edition number 23
245 00 - TITLE STATEMENT
Title North Carolina women.
Number of part/section of a work Volume 1 :
Remainder of title their lives and times /
Statement of responsibility, etc edited by Michele Gillespie and Sally G. McMillen ; contributors James Douglas Alsop.
264 #1 - PRODUCTION, PUBLICATION, DISTRIBUTION, MANUFACTURE, AND COPYRIGHT NOTICE
Place of production, publication, distribution, manufacture Athens, Georgia :
Name of producer, publisher, distributor, manufacturer The University of Georgia Press,
Date of production, publication, distribution, manufacture, or copyright notice 2014.
Date of production, publication, distribution, manufacture, or copyright notice �2014
300 ## - PHYSICAL DESCRIPTION
Extent 1 online resource (432 pages) :
Other physical details illustrations, maps
336 ## - CONTENT TYPE
Content type term text
Source rdacontent
337 ## - MEDIA TYPE
Media type term computer
Source rdamedia
338 ## - CARRIER TYPE
Carrier type term online resource
Source rdacarrier
500 ## - GENERAL NOTE
General note Includes index.
588 ## - SOURCE OF DESCRIPTION NOTE
Source of description note Description based on print version record.
590 ## - LOCAL NOTE (RLIN)
Local note Electronic reproduction. Palo Alto, Calif. : ebrary, 2014. Available via World Wide Web. Access may be limited to ebrary affiliated libraries.
650 #0 - SUBJECT ADDED ENTRY--TOPICAL TERM
Topical term or geographic name as entry element Women
Geographic subdivision North Carolina
Form subdivision Biography.
Topical term or geographic name as entry element Women
Geographic subdivision North Carolina
General subdivision History.
655 #0 - INDEX TERM--GENRE/FORM
Genre/form data or focus term Electronic books.
700 1# - ADDED ENTRY--PERSONAL NAME
Personal name Gillespie, Michele.
Personal name McMillen, Sally Gregory,
Dates associated with a name 1944-
Personal name Alsop, James Douglas.
776 08 - ADDITIONAL PHYSICAL FORM ENTRY
Display text Print version:
Title North Carolina women. Volume 1.
Place, publisher, and date of publication Athens, Georgia : The University of Georgia Press, c2014
Physical description vii 421 pages
International Standard Book Number 9780820339993
Record control number 2013033795
797 2# - LOCAL ADDED ENTRY--CORPORATE NAME (RLIN)
Corporate name or jurisdiction name as entry element ebrary.
856 40 - ELECTRONIC LOCATION AND ACCESS
Uniform Resource Identifier <a href="http://site.ebrary.com/lib/rucke/Doc?id=10827833">http://site.ebrary.com/lib/rucke/Doc?id=10827833</a>
Public note An electronic book accessible through the World Wide Web; click to view

No items available.

© 2026 Rongo University
Contact us: librarian | system librarian | Rongo university